[Event "Thessaloniki ol (Women)"]
[Site "Thessaloniki"]
[Date "1984.??.??"]
[Round "9"]
[White "Vaschetti, A."]
[Black "Landry Vuorenpaa, Sirkka"]
[Result "0-1"]
[WhiteElo "1860"]
[BlackElo "1920"]

1.Nf3 d5 2.c4 e6 3.g3 Nf6 4.Bg2 c5 5.O-O Nc6 6.cxd5 Nxd5 7.Nc3 Nb6 8.d3 Be7
9.Be3 O-O 10.Rc1 Nd7 11.Ne4 b6 12.Qa4 Bb7 13.a3 a5 14.Rfd1 e5 15.Re1 Rc8
16.Ned2 Ba6 17.Qd1 h6 18.Nc4 b5 19.Ncd2 Nd4 20.Nb3 Nxf3+ 21.Bxf3 a4 22.Nd2 Rc7
23.Rc2 Kh8 24.Qc1 f5 25.Nf1 Rf6 26.Bd2 Nb6 27.Bc3 Qd6 28.Ne3 b4 29.Bxb4 Rc8
30.Bd2 Rcf8 31.Bg2 h5 32.Rf1 f4 33.Nc4 Nxc4 34.dxc4 fxg3 35.hxg3 Qd7 36.Be3 Bc8
37.Rd2 Qg4 38.Bf3 Rxf3 39.exf3 Rxf3 40.Qd1 h4 41.Rd8+ Kh7 42.Kg2 Bb7 43.Rd5 Qxc4
44.Qb1+ Kg8  0-1

[Event "Thessaloniki ol (Women)"]
[Site "Thessaloniki"]
[Date "1984.??.??"]
[Round "12"]
[White "Nutu Gajic, Dana"]
[Black "Frometa, Zirka"]
[Result "1-0"]
[WhiteElo "2180"]
[BlackElo "2130"]

1.Nf3 d5 2.c4 e6 3.d4 Nf6 4.Bg5 Nbd7 5.Nc3 Be7 6.e3 h6 7.Bxf6 Nxf6 8.Rc1 c6
9.Bd3 dxc4 10.Bxc4 O-O 11.O-O Nd5 12.Ne4 Qe8 13.Qe2 Kh8 14.Bb3 f5 15.Nc5 Bd6
16.Nd3 Qh5 17.Rfe1 Bd7 18.Nfe5 Qxe2 19.Rxe2 Be8 20.a3 Bh5 21.f3 Rad8 22.Nc4 Bf7
23.Nxd6 Rxd6 24.Nc5 b6 25.Nd3 Rc8 26.Kf2 g5 27.Ne5 Kg7 28.Rec2 Be8 29.g3 Kf6
30.Nc4 Rd7 31.e4 Nc7 32.e5+ Ke7 33.Nd6 Rxd6 34.exd6+ Kxd6 35.Ke3 Bd7 36.f4 Nd5+
37.Bxd5 exd5 38.fxg5 hxg5 39.b4 Re8+ 40.Kf2 Re4 41.Rd2 g4 42.Rc3 Be8 43.Re3 Bd7
44.Rxe4 dxe4 45.Ke3 Kd5 46.Rc2 Be8 47.b5 c5 48.dxc5 bxc5 49.a4 c4 50.Rd2+ Kc5
51.Rd8  1-0

[Event "Thessaloniki ol (Women)"]
[Site "Thessaloniki"]
[Date "1984.??.??"]
[Round "14"]
[White "Muresan, Margareta"]
[Black "Garcia, Nieves"]
[Result "1/2-1/2"]
[WhiteElo "2195"]
[BlackElo "2160"]

1.Nf3 d5 2.c4 e6 3.g3 Nf6 4.Bg2 Be7 5.O-O c5 6.cxd5 exd5 7.d4 O-O 8.Nc3 Nc6
9.Bg5 c4 10.Ne5 Be6 11.e3 Qa5 12.Qc2 Rad8 13.Nxc6 bxc6 14.b3 c5 15.dxc5 Qxc5
16.Na4 Qb4 17.Rac1 d4  1/2-1/2

[Event "Thessaloniki ol (Women)"]
[Site "Thessaloniki"]
[Date "1984.??.??"]
[Round "14"]
[White "Nutu Gajic, Dana"]
[Black "Ferrer Lucas, Pepita"]
[Result "1/2-1/2"]
[WhiteElo "2180"]
[BlackElo "2040"]

1.Nf3 d5 2.c4 e6 3.d4 Nf6 4.Bg5 Be7 5.e3 O-O 6.Nc3 h6 7.Bxf6 Bxf6 8.Rc1 c6
9.Bd3 Nd7 10.O-O dxc4 11.Bxc4 e5 12.Ne4 exd4 13.Nxf6+ Nxf6 14.Qxd4 Bg4 15.Qf4 Qe7
16.Nd4 Rfe8 17.h3 Bd7 18.Rfd1 Qe5 19.Qxe5 Rxe5 20.Rd3 c5 21.Nb5 Bxb5 22.Bxb5 a6
23.Ba4 Rc8 24.Bd1 c4 25.Rd6 Ra5 26.a4 Rac5 27.Rb6 R8c7 28.Bf3 Nd5 29.Rd6 Nb4
30.Rd8+ Kh7 31.h4 g6 32.h5 Nd3 33.hxg6+ fxg6 34.Rc2 Ne1 35.Rcd2 Nxf3+ 36.gxf3 h5
37.R2d7+ Kh6 38.f4 Rxd7 39.Rxd7 b5 40.axb5 Rxb5 41.Rd6 a5 42.Rc6 Kg7  1/2-1/2

[Event "Troon"]
[Site "Troon"]
[Date "1984.??.??"]
[Round "4"]
[White "Cramling, Dan"]
[Black "Raicevic, Vladimir"]
[Result "1/2-1/2"]
[WhiteElo "2380"]
[BlackElo "2395"]

1.Nf3 d5 2.c4 e6 3.d4 Nf6 4.Nc3 Nbd7 5.cxd5 exd5 6.Bf4 c6 7.e3 Be7 8.h3 Nf8
9.Bd3 Ng6 10.Bh2 Bd6 11.Bxd6 Qxd6 12.Qc2 O-O 13.O-O Re8 14.Rab1 Bd7 15.b4 Rac8
16.Rfc1 Qe7 17.Ne2 Ne4 18.Nf4 Nxf4 19.exf4 f6 20.Re1 Qd6 21.Qc1 Re7 22.Nh2 Ree8
23.Nf1 Qf8 24.Ne3 g6 25.Nf1 a6 26.Rb2 Nd6 27.Ng3 b5 28.Rbe2 Nc4 29.Bxc4 bxc4
30.a3 Qd6 31.Rxe8+ Bxe8 32.Qe3 Bf7 33.Qd2 a5 34.Rb1 Rb8 35.Ne2 Be6 36.Rb2 axb4
37.Rxb4 Ra8 38.Qe3 Bf7 39.Qc3 Kg7 40.Qb2 Qe7 41.a4 Qe4 42.Qd2 Re8 43.Rb2 Qd3
44.Kh2 c5 45.dxc5 Qa3 46.Rb5 Qd3 47.Rb2 Qxd2 48.Rxd2 Rc8 49.Kg3 Kf8 50.Kf3 Ra8
51.Nc3  1/2-1/2

[Event "Troon"]
[Site "Troon"]
[Date "1984.??.??"]
[Round "9"]
[White "Shamkovich, Leonid"]
[Black "Raicevic, Vladimir"]
[Result "1-0"]
[WhiteElo "2455"]
[BlackElo "2395"]

1.Nf3 d5 2.c4 e6 3.d4 Nf6 4.Nc3 Nbd7 5.cxd5 exd5 6.Bf4 c6 7.e3 Be7 8.h3 Nf8
9.Qc2 Ng6 10.Bh2 Bd6 11.Bxd6 Qxd6 12.Bd3 Bd7 13.b4 O-O 14.O-O Rfe8 15.b5 c5
16.dxc5 Qxc5 17.Rac1 Rac8 18.Qb3 Be6 19.Ne2 Qd6 20.Ned4 Ne5 21.Nxe5 Qxe5
22.Qa4 Qb8 23.Qa3 Rxc1 24.Rxc1 Rc8 25.Rxc8+ Bxc8 26.Qe7 Bd7 27.Nf5 Qe8 28.Qxe8+ Bxe8
29.Nd6 b6 30.Nc8 Bd7 31.Nxa7 Kf8 32.g4 Ke7 33.Bf5 Bxf5 34.gxf5 Kd6 35.f3 Kc5
36.Kf2 Ne8 37.e4 dxe4 38.fxe4 Nd6 39.Ke3 f6 40.Kf4 g6 41.fxg6 hxg6 42.e5 g5+
43.Kg4 fxe5 44.Kxg5 e4 45.Kf4 Kd4 46.a4 Kc3 47.Nc6 Kb3 48.Ke5 e3 49.Kxd6  1-0

[Event "Valjevo"]
[Site "Valjevo"]
[Date "1984.??.??"]
[Round "3"]
[White "Adamski, Jan"]
[Black "Rogers, Ian"]
[Result "1/2-1/2"]
[WhiteElo "2430"]
[BlackElo "2475"]

1.Nf3 d5 2.c4 e6 3.g3 c5 4.cxd5 exd5 5.d4 Nc6 6.Bg2 Nf6 7.O-O Be7 8.Nc3 O-O
9.dxc5 Bxc5 10.Bg5 d4 11.Ne4 Be7 12.Bxf6 Bxf6 13.Rc1 Re8 14.Ne1 Be7 15.Nd3 Qb6
16.a3 Bg4  1/2-1/2

[Event "Valjevo"]
[Site "Valjevo"]
[Date "1984.??.??"]
[Round "6"]
[White "Adamski, Jan"]
[Black "Zivkovic, Vladislav"]
[Result "1-0"]
[WhiteElo "2430"]
[BlackElo "2200"]

1.Nf3 d5 2.c4 d4 3.g3 g6 4.b4 Bg7 5.Bb2 e5 6.d3 Ne7 7.Nbd2 O-O 8.Bg2 Nd7
9.O-O c5 10.Ba3 Re8 11.bxc5 Qa5 12.Qb3 Nxc5 13.Qb4 Qxb4 14.Bxb4 Na6 15.Ba3 f5
16.Rab1 Nc6 17.Ng5 Bf8 18.Bd5+ Kg7 19.Bxf8+ Rxf8 20.Ne6+ Bxe6 21.Rxb7+ Rf7
22.Bxc6 Rb8 23.Rxb8 Nxb8 24.Bg2 Na6 25.Rb1 Bd7 26.Bd5 Re7 27.Rb7 Nc5 28.Rxa7 Kf6
29.Kf1 e4 30.dxe4 fxe4 31.Ra5 e3 32.fxe3 dxe3 33.Nf3 Ne4 34.Kg2 Nc3 35.Ra6+ Kg7
36.Nd4 Bc8 37.Ra3 Nxd5 38.cxd5 Bb7 39.Nc6 Rd7 40.Nb4 Bxd5+ 41.Nxd5 Rxd5 42.Kf3 Re5
43.Ra7+ Kf6 44.Rxh7 Ra5 45.Kxe3 Rxa2 46.Rd7 g5 47.Rd4 Ra1 48.Kf3 Rf1+ 49.Kg4 Rf2
50.Rd6+ Kg7 51.h3 Rg2 52.e3 Rg1 53.Re6 Kf7 54.Re5  1-0

[Event "URS-ch U20"]
[Site "Vilnius"]
[Date "1984.??.??"]
[Round "13"]
[White "Pigusov, Evgeny"]
[Black "Kharitonov, Andrei Y"]
[Result "1/2-1/2"]
[WhiteElo "2460"]
[BlackElo "2455"]

1.Nf3 d5 2.c4 c6 3.d4 Nf6 4.Nc3 dxc4 5.a4 Bf5 6.e3 e6 7.Bxc4 Bb4 8.O-O O-O
9.Nh4 Bg6 10.Nxg6 hxg6 11.Qe2 Nbd7 12.Rd1 Qe7 13.e4 e5 14.d5 Nb6 15.Bb3 cxd5
16.Nxd5 Nbxd5 17.Bxd5 Nxd5 18.Rxd5 Rfd8 19.Rxd8+ Rxd8 20.Be3 Bc5 21.Bxc5 Qxc5
22.Rd1  1/2-1/2

[Event "Vrnjacka Banja"]
[Site "Vrnjacka Banja"]
[Date "1984.??.??"]
[Round "?"]
[White "Mirkovic, Slobodan"]
[Black "Simic, Radoslav"]
[Result "1/2-1/2"]
[WhiteElo "2295"]
[BlackElo "2485"]

1.Nf3 d5 2.c4 e6 3.b3 Nf6 4.Bb2 Be7 5.g3 O-O 6.Bg2 c5 7.O-O Nc6 8.e3 b6 9.d3 Bb7
10.Nbd2 dxc4 11.dxc4 Qc7 12.Ne5 Rad8 13.Nxc6 Bxc6 14.Bxc6 Qxc6  1/2-1/2

[Event "Yerevan"]
[Site "Yerevan"]
[Date "1984.??.??"]
[Round "?"]
[White "Szekely, Peter"]
[Black "Novikov, Igor A"]
[Result "1/2-1/2"]
[WhiteElo "2430"]
[BlackElo "2420"]

1.Nf3 d5 2.c4 e6 3.g3 dxc4 4.Qa4+ Nd7 5.Qxc4 c5 6.Bg2 Ngf6 7.d4 a6 8.dxc5 Bxc5
9.Qd3 b6 10.Ne5 Nd5 11.Nxd7 Qxd7 12.Nc3 Bb7 13.Nxd5 Bxd5 14.Bxd5 Qxd5 15.Qxd5 exd5  1/2-1/2

[Event "Aarhus-D"]
[Site "Aarhus"]
[Date "1985.??.??"]
[Round "1"]
[White "Knudsen, Per"]
[Black "Schandorff, Lars"]
[Result "0-1"]
[WhiteElo "2345"]
[BlackElo "2275"]

1.Nf3 d5 2.c4 e6 3.g3 dxc4 4.Qa4+ Nd7 5.Bg2 a6 6.Qxc4 b5 7.Qc2 Bb7 8.O-O Ngf6
9.b3 c5 10.Bb2 Bd6 11.Rd1 Qb6 12.d3 O-O 13.Nbd2 Rfd8 14.Rac1 Rac8 15.Nf1 Ng4
16.Qd2 c4 17.Bd4 Bc5 18.dxc4 e5 19.Be3 Nxe3 20.Nxe3 Nf6 21.Qe1 Bxe3 22.fxe3 Rxd1
23.Rxd1 Ng4 24.h3 Qxe3+ 25.Kf1 Nf6 26.cxb5 axb5 27.Qa5 Bd5 28.Qd2 Qc5 29.Ne1 e4
30.g4 h6 31.b4 Qc7 32.Kg1 Qa7+ 33.e3 Qxa2 34.Bf1  0-1

[Event "Aarhus-D"]
[Site "Aarhus"]
[Date "1985.??.??"]
[Round "3"]
[White "Knudsen, Per"]
[Black "Reinert, Mads"]
[Result "0-1"]
[WhiteElo "2345"]
[BlackElo "2260"]

1.Nf3 d5 2.c4 c6 3.b3 Nf6 4.g3 Bf5 5.Ba3 Qa5 6.Qc1 Na6 7.Qc3 Qb6 8.d3 g6
9.Nbd2 Bg7 10.e4 dxe4 11.dxe4 Nxe4 12.Qxg7 Qxf2+ 13.Kd1 O-O-O 14.Be2 Qe3
15.Ke1 Nxd2 16.Nxd2 Rxd2 17.Qxh8+ Kd7  0-1

[Event "Aarhus-A"]
[Site "Aarhus"]
[Date "1985.??.??"]
[Round "5"]
[White "Knudsen, Ole Scott"]
[Black "Lysdal, K."]
[Result "0-1"]
[WhiteElo "2230"]
[BlackElo "2200"]

1.Nf3 d5 2.c4 dxc4 3.Qa4+ Nc6 4.Ne5 Bd7 5.Nxd7 Qxd7 6.Qxc4 e5 7.Nc3 Nge7
8.g3 g6 9.Bg2 Bg7 10.O-O a5 11.d3 O-O 12.Bg5 h6 13.Be3 Nd4 14.Bxd4 exd4 15.Ne4 b6
16.Rfc1 c5 17.b3 Rad8 18.Nd2 h5 19.Rc2 b5  0-1

[Event "AUT-ch"]
[Site "?"]
[Date "1985.??.??"]
[Round "10"]
[White "Titz, Heimo"]
[Black "Baumgartner, Heinz"]
[Result "0-1"]
[WhiteElo "2325"]
[BlackElo "2345"]

1.Nf3 d5 2.c4 e6 3.d4 c5 4.cxd5 exd5 5.Nc3 Nc6 6.g3 Nf6 7.Bg2 Be6 8.O-O h6
9.Be3 c4 10.Ne5 Bb4 11.Qc2 Rc8 12.Rad1 O-O 13.f4 Bxc3 14.bxc3 b5 15.f5 Bd7
16.h3 Qe7 17.Bf4 b4 18.g4 Rfd8 19.e4 Nxe4 20.Bxe4 dxe4 21.Nxc4 Be8 22.d5 Qc5+
23.Ne3 Na5 24.cxb4 Qxb4 25.Qd2 Qa3 26.Rc1 Bb5 27.Rfe1 Nc4 28.Nxc4 Rxc4 29.Rxc4 Bxc4
30.Rxe4 Rxd5 31.Rd4 Qxh3 32.Be3 Qg3+ 33.Kh1 Qh3+ 34.Kg1 Qg3+ 35.Kh1 Re5 36.Bf2 Qh3+
37.Kg1 Qf1+ 38.Kh2 Re2  0-1

[Event "Alfoldi mem (Women)"]
[Site "Budapest"]
[Date "1985.??.??"]
[Round "?"]
[White "Stadler, Tereza"]
[Black "Madl, Ildiko"]
[Result "1/2-1/2"]
[WhiteElo "2120"]
[BlackElo "2185"]

1.Nf3 d5 2.c4 e6 3.d4 c5 4.cxd5 exd5 5.Nc3 Nc6 6.Bg5 Be7 7.Bxe7 Ngxe7 8.e3 c4
9.Be2 O-O 10.O-O Bf5 11.Nh4 Be6 12.g3 Rb8 13.Bf3 b5 14.Ng2 f6 15.Nf4 Bf7
16.h4 Qd7 17.Kg2  1/2-1/2

[Event "Alfoldi mem (Women)"]
[Site "Budapest"]
[Date "1985.??.??"]
[Round "?"]
[White "Csonkics, Tunde"]
[Black "Madl, Ildiko"]
[Result "1/2-1/2"]
[WhiteElo "2125"]
[BlackElo "2185"]

1.Nf3 d5 2.c4 e6 3.d4 c5 4.cxd5 exd5 5.g3 Nf6 6.Bg2 Be7 7.O-O O-O 8.Nc3 Nc6
9.Bg5 cxd4 10.Nxd4 h6 11.Be3 Re8 12.Qb3 Na5 13.Qc2 Bb4 14.Rad1 Bg4 15.Ndb5 Be6
16.Nxa7 Bxc3 17.Qxc3 Bg4 18.Rfe1 Nc4 19.Bxd5 Nxd5 20.Qxc4 Nxe3 21.fxe3 Qg5
22.Qd4 Qxe3+ 23.Qxe3 Rxe3 24.Rd4 Rxe2 25.Rxe2 Bxe2 26.Ra4 Kf8 27.Ra3 Bc4
28.b3 Be6 29.Nb5 Rxa3 30.Nxa3 Ke7 31.Kf2 Kd6 32.Ke3 Ke5 33.Nb5 Bf5 34.Nc3 Bd7
35.a4 g5 36.b4 f5 37.a5 f4+ 38.gxf4+ gxf4+ 39.Kf3 Bc6+ 40.Kf2 Bd7 41.b5  1/2-1/2

[Event "ARG-ch"]
[Site "Buenos Aires"]
[Date "1985.??.??"]
[Round "1"]
[White "Panno, Oscar"]
[Black "Paglilla, Carlos"]
[Result "1-0"]
[WhiteElo "2505"]
[BlackElo "2310"]

1.Nf3 d5 2.c4 c6 3.e3 g6 4.Nc3 Bg7 5.d4 e6 6.Bd3 Ne7 7.O-O O-O 8.Qe2 a6 9.Rd1 b5
10.b3 Nd7 11.Ba3 f5 12.Rac1 Bf6 13.Bd6 Rf7 14.a4 bxc4 15.bxc4 g5 16.Qa2 Ng6
17.a5 g4 18.Ne1 Ndf8 19.Bxf8 Nxf8 20.Bf1 Rb8 21.Nd3 Rfb7 22.Rc2 Ra7 23.Rb1 Rxb1
24.Nxb1 Nd7 25.Nd2 Be7 26.Qa4 Nb8 27.Ne5 Bd7 28.Rb2 Bd6 29.Rb6 Be8 30.c5 Bxe5
31.dxe5 Nd7 32.Qxc6 Nxb6 33.Qxe6+ Bf7 34.Qxb6 Ra8 35.e6 Be8 36.h3 gxh3 37.g3 Rb8
38.Qxa6 h2+ 39.Kxh2 Rb2 40.Nf3 Rxf2+ 41.Bg2 Ra2 42.Qd6 Qxa5 43.Nh4 Qd2 44.Qd8 Kf8
45.Qf6+ Kg8 46.e7 Bf7 47.Qg5+ Kh8 48.Qh6  1-0

[Event "ARG-ch"]
[Site "Buenos Aires"]
[Date "1985.??.??"]
[Round "7"]
[White "Panno, Oscar"]
[Black "Giardelli, Sergio C"]
[Result "1-0"]
[WhiteElo "2505"]
[BlackElo "2355"]

1.Nf3 d5 2.c4 dxc4 3.Qa4+ Nc6 4.e3 Bd7 5.Bxc4 e5 6.Nc3 Be7 7.O-O Nf6 8.Qc2 O-O
9.a3 h6 10.b4 Bg4 11.b5 Na5 12.Nxe5 Bd6 13.f4 Bxe5 14.fxe5 Nd7 15.Ba2 Nxe5
16.d4 Nd7 17.h3 Bh5 18.Qf5 g6 19.Qc2 Qh4 20.g4 Qxh3 21.gxh5 Qxh5 22.Rf2 Kg7
23.Rh2 Qg4+ 24.Rg2 Qh4 25.Bd2  1-0

[Event "Midwest Masters"]
[Site "Chicago"]
[Date "1985.??.??"]
[Round "1"]
[White "Readey, John"]
[Black "Schiller, Eric"]
[Result "1-0"]
[WhiteElo "2200"]
[BlackElo "2230"]

1.Nf3 d5 2.c4 e6 3.b3 c6 4.g3 Nf6 5.Bg2 b5 6.O-O Be7 7.Qc2 O-O 8.d3 a5 9.Nbd2 Na6
10.Bb2 Nb4 11.Qd1 Qb6 12.d4 Na6 13.c5 Qc7 14.Qc2 Re8 15.Rae1 Nb8 16.e4 b4
17.e5 Ng4 18.Rd1 f5 19.exf6 Bxf6 20.Rfe1 Nh6 21.Bh3 Qf7 22.Ne5 Bxe5 23.Rxe5 Nd7
24.Ree1 Nf8 25.f4 Qh5 26.Kg2 Ng6 27.Nf3 Rf8 28.Bc1 Rf6 29.Ng5 Bd7 30.Qe2 Qxe2+
31.Rxe2 Nf8 32.Rde1 a4 33.Bd2 axb3 34.axb3 Ra3 35.Rb1 Ra2 36.Kf2 Nf7 37.Nxf7 Kxf7
38.Bf1 g5 39.Kg2 gxf4 40.Bxf4 Rxe2+ 41.Bxe2 Ng6 42.Bg5 Rf5 43.Bd2 h5 44.Bd3 e5
45.Bxf5 Bxf5 46.Rf1 Ke6 47.dxe5 Nxe5 48.Bxb4 d4 49.Rf4 d3 50.h3 Bg6 51.Rd4 Nf7
52.g4 hxg4 53.hxg4  1-0

[Event "Midwest Masters"]
[Site "Chicago"]
[Date "1985.??.??"]
[Round "3"]
[White "Readey, John"]
[Black "Bisguier, Arthur Bernard"]
[Result "0-1"]
[WhiteElo "2200"]
[BlackElo "2440"]

1.Nf3 d5 2.c4 e6 3.b3 Nf6 4.Bb2 Be7 5.e3 O-O 6.Nc3 c5 7.cxd5 exd5 8.d4 Nc6
9.Be2 Be6 10.O-O Rc8 11.dxc5 Bxc5 12.Rc1 Qe7 13.Nb5 Ne4 14.Nfd4 Nxd4 15.Bxd4 a6
16.Bxc5 Rxc5 17.Rxc5 Qxc5 18.Nd4 Rc8 19.Bd3 Nf6 20.h3 Kf8 21.Qc2 Qxc2 22.Bxc2 Ke7
23.f3 Kd6 24.Rd1 g6 25.Kf2 h5 26.Ke2 Bd7 27.Bd3 Ne8 28.Kd2 Ng7 29.Rc1 Rxc1
30.Kxc1 Ne6 31.Nxe6 Bxe6 32.Kd2 g5 33.Kc3 Ke5 34.g4 h4 35.b4 Bd7 36.Bc2 Bb5
37.Bd3 Ba4 38.Be2 f6 39.Kd2 d4 40.Bf1 Bc6 41.Be2 Bd5 42.a3 Bc6 43.Kd3 Bb5+
44.Kd2 dxe3+ 45.Kxe3 Bxe2 46.Kxe2 Kf4  0-1

[Event "Capablanca mem-B"]
[Site "Cienfuegos"]
[Date "1985.??.??"]
[Round "11"]
[White "Verduga, Denis Homero"]
[Black "Huerta, Ramon"]
[Result "0-1"]
[WhiteElo "2415"]
[BlackElo "2440"]

1.Nf3 d5 2.c4 dxc4 3.Na3 c5 4.Nxc4 Nc6 5.g3 f6 6.Bg2 e5 7.d3 Nge7 8.b3 Nf5
9.Bb2 Be7 10.Rc1 Be6 11.a3 Qd7 12.O-O O-O 13.Re1 Rfd8 14.Ba1 Rac8 15.Nfd2 Bf8
16.Ne4 Qf7 17.Ncd2 Na5 18.Rb1 b5 19.b4 cxb4 20.axb4 Nc6 21.Bc3 a5 22.bxa5 b4
23.Ba1 Nxa5 24.Qa4 Ra8 25.Nxf6+ gxf6 26.Bxa8 Rxa8 27.Ne4 Bd5 28.Qb5 Be7 29.e3 Nd6
30.Nxd6 Bxd6 31.Qb6 Bf8 32.e4 Bb7 33.Rbc1 Ra6 34.Qd8 Nc6 35.Qd5 Qxd5 36.exd5 Ne7
37.f4 exf4 38.d6 Rxd6 39.Rc7 Ba6 40.Rcxe7 Bxe7 41.Rxe7 fxg3 42.hxg3 Bxd3
43.Rb7 Ba6  0-1

[Event "Dresden"]
[Site "Dresden"]
[Date "1985.??.??"]
[Round "9"]
[White "Espig, Lutz"]
[Black "Enders, Peter"]
[Result "1-0"]
[WhiteElo "2420"]
[BlackElo "2330"]

1.Nf3 d5 2.c4 d4 3.e3 c5 4.exd4 cxd4 5.d3 Nc6 6.g3 e5 7.Bg2 Bd6 8.O-O Nge7
9.Na3 O-O 10.Nc2 a5 11.b3 Bg4 12.h3 Bh5 13.g4 Bg6 14.Nh4 h6 15.Nxg6 Nxg6
16.a3 Qf6 17.Be4 Rab8 18.Bd2 Nf4 19.Qf3 g6 20.b4 axb4 21.axb4 Nd8 22.Bxf4 exf4
23.Bd5 Kg7 24.c5 Bc7 25.Rfe1 Rh8 26.Qe4 h5 27.Qxd4 hxg4 28.hxg4 Nc6 29.Bxc6 bxc6
30.Qxf6+ Kxf6 31.Ra6 Kg5 32.Rxc6 Bd8 33.Kg2 Kxg4 34.Re4 Kg5 35.Nd4 Bf6 36.Ne2 Rhe8
37.Rxe8 Rxe8 38.Nxf4 Bd4 39.Kf3 Re5 40.Rd6 Bc3 41.Rd5 Kf6 42.b5 g5 43.d4 Bxd4
44.Rd6+ Kf5 45.Rxd4 gxf4 46.Rxf4+  1-0

[Event "Frunze"]
[Site "Frunze"]
[Date "1985.??.??"]
[Round "9"]
[White "Szekely, Peter"]
[Black "Gulko, Boris F"]
[Result "1/2-1/2"]
[WhiteElo "2450"]
[BlackElo "2475"]

1.Nf3 d5 2.c4 dxc4 3.e3 Nf6 4.Bxc4 e6 5.d4 c5 6.dxc5 Qxd1+ 7.Kxd1 Bxc5 8.a3 O-O
9.Ke2 Nbd7 10.Rd1 Nb6 11.Bd3 Bd7 12.b3 Rfd8 13.Bb2 Bc6  1/2-1/2

[Event "Frunze"]
[Site "Frunze"]
[Date "1985.??.??"]
[Round "13"]
[White "Szekely, Peter"]
[Black "Imanaliev, Taalaibek"]
[Result "1/2-1/2"]
[WhiteElo "2450"]
[BlackElo "2385"]

1.Nf3 d5 2.c4 c6 3.cxd5 cxd5 4.d4 Nc6 5.Nc3 Nf6 6.Bf4 Bf5 7.e3 e6 8.Bb5 Nd7
9.O-O Be7 10.Qb3 O-O 11.Rfc1 Rc8 12.Bxc6 bxc6 13.Qb7 Bg4 14.Ne5 Rc7 15.Qb3 Nxe5
16.Bxe5 Bd6 17.Bxd6  1/2-1/2

[Event "Hamburg HSV"]
[Site "Hamburg"]
[Date "1985.??.??"]
[Round "?"]
[White "Wahls, Matthias"]
[Black "Westerinen, Heikki MJ"]
[Result "0-1"]
[WhiteElo "2285"]
[BlackElo "2390"]

1.Nf3 d5 2.c4 e6 3.g3 Nf6 4.Bg2 Be7 5.O-O O-O 6.b3 c6 7.Bb2 b5 8.Qc2 Qb6
9.d3 a5 10.Nbd2 a4 11.e4 a3 12.Bc3 b4 13.Bxf6 Bxf6 14.e5 Be7 15.d4 Ba6 16.Rfe1 Nd7
17.c5 Qd8 18.h4 Re8 19.Bh3 Nf8 20.Re3 Bc8 21.Rae1 Ra5 22.Nh2 f5 23.exf6 gxf6
24.f4 Bd7 25.Ndf3 Qb8 26.Ng4 Kg7 27.Kg2 Bd8 28.Nf2 Bc7 29.Nd3 Kh8 30.Qf2 Re7
31.Kh2 Rg7 32.R1e2 Rb5 33.Nfe1 Rb7 34.Ng2 Rg8 35.Kh1 Bc8 36.g4 Bd8 37.g5 Rbg7
38.Qf3 Qc7 39.Nxb4 Rf7 40.Nd3 Ba6 41.Qg3 h6 42.Bxe6 Nxe6 43.Rxe6 hxg5 44.Re8 Rg7
45.hxg5 fxg5 46.Kg1 Qf7 47.Rxg8+ Kxg8 48.f5 Bc7 49.Qe3 Qxf5 50.Qe8+ Qf8 51.Qxc6 Rh7
52.Nge1 Rh1+  0-1

[Event "Havana-B"]
[Site "Havana"]
[Date "1985.??.??"]
[Round "1"]
[White "Ortega, Lexy"]
[Black "Arencibia, Walter"]
[Result "1-0"]
[WhiteElo "2385"]
[BlackElo "2380"]

1.Nf3 d5 2.c4 e6 3.b3 c5 4.g3 Nc6 5.Bg2 Nf6 6.O-O Be7 7.Bb2 O-O 8.e3 Qc7
9.Nc3 a6 10.cxd5 exd5 11.d4 Bg4 12.dxc5 Rad8 13.h3 d4 14.exd4 Rxd4 15.Nb5 axb5
16.Bxd4 Bxf3 17.Bxf3 Rd8 18.Bxc6 bxc6 19.b4 Rd5 20.Re1 Bf8 21.a3 h5 22.Re2 h4
23.g4 Qf4 24.Rd2 g6 25.Be3 Qe5 26.Rxd5 Nxd5 27.Bh6 Qb8 28.Bxf8 Qxf8 29.Qd4  1-0

[Event "Havana-B"]
[Site "Havana"]
[Date "1985.??.??"]
[Round "4"]
[White "Vilela, Jose Luis"]
[Black "Arencibia, Walter"]
[Result "1-0"]
[WhiteElo "2415"]
[BlackElo "2380"]

1.Nf3 d5 2.c4 e6 3.d4 c5 4.cxd5 exd5 5.Bg5 Be7 6.Bxe7 Nxe7 7.dxc5 O-O 8.e3 Qa5+
9.Nc3 Qxc5 10.Be2 Nbc6 11.O-O Bg4 12.Rc1 Rad8 13.Na4 Qd6 14.Nc5 Bxf3 15.Bxf3 Qg6
16.Qa4 b6 17.Nb3 Rd6 18.Rfd1 Rfd8 19.Be2 a5 20.h3 h6 21.Qf4 Qe6 22.Bd3 Kf8
23.Bb1 Qf6 24.Qxf6 Rxf6 25.Nd4 Nxd4 26.Rxd4 Nc6 27.Rd2 Rfd6 28.a3 d4 29.Be4 dxe3
30.Rxd6 Rxd6 31.Bxc6 e2 32.Bf3  1-0

[Event "Havana-B"]
[Site "Havana"]
[Date "1985.??.??"]
[Round "12"]
[White "Vilela, Jose Luis"]
[Black "Diaz, Joaquin C"]
[Result "1/2-1/2"]
[WhiteElo "2415"]
[BlackElo "2410"]

1.Nf3 d5 2.c4 e6 3.g3 Nf6 4.Bg2 c5 5.O-O Nc6 6.d3 Be7 7.Na3 O-O 8.b3 b6 9.Bb2 Bb7
10.Ne5 Nxe5 11.Bxe5 Nd7 12.Bb2 Bf6 13.Qd2 Bxb2 14.Qxb2 Nf6 15.Rfd1 Qe7 16.Nc2 Rfd8  1/2-1/2

[Event "Jarvenpaa"]
[Site "Jarvenpaa"]
[Date "1985.??.??"]
[Round "?"]
[White "Plaskett, Jim"]
[Black "Ornstein, Axel"]
[Result "1/2-1/2"]
[WhiteElo "2480"]
[BlackElo "2440"]

1.Nf3 d5 2.c4 e6 3.g3 Nf6 4.Bg2 Be7 5.O-O O-O 6.d4 c5 7.cxd5 exd5 8.Nc3 Nc6
9.Bg5 cxd4 10.Nxd4 h6 11.Be3 Re8 12.Rc1 Bg4 13.h3 Bd7 14.Nxd5 Nxd5 15.Bxd5 Nxd4
16.Qxd4 Bf6 17.Qf4 Re7 18.h4 Bxb2 19.Rc2 Be5 20.Qf3 Rc8 21.Bc5 Bd6 22.Rfc1 Bxc5
23.Rxc5 Rxc5 24.Rxc5 b6 25.Rc3 Be6 26.Bxe6 Rxe6 27.Rd3 Qf6 28.Qa8+ Kh7 29.Rf3 Qe7
30.Qd5 Rxe2 31.Rxf7 Qe4 32.Qxe4+ Rxe4 33.Rxa7 b5 34.Kg2 Re2 35.g4 b4 36.Kg3 Rb2
37.f3 b3 38.axb3 Rxb3 39.Rf7  1/2-1/2

[Event "Kecskemet op"]
[Site "Kecskemet "]
[Date "1985.??.??"]
[Round "4"]
[White "Horvath, Jozsef"]
[Black "Doleschall, Gyorgy"]
[Result "1/2-1/2"]
[WhiteElo "2520"]
[BlackElo "2280"]

1.Nf3 d5 2.c4 c6 3.d4 Nf6 4.cxd5 cxd5 5.Nc3 Nc6 6.Bf4 Bf5 7.e3 e6 8.Ne5 Nd7
9.Nxc6 bxc6 10.Ba6 Qb6 11.Qe2 Be7 12.O-O Nb8 13.Bd3 Bxd3 14.Qxd3 O-O 15.Rab1 a5
16.Rfc1 Nd7 17.Na4 Qb4 18.b3 Rfc8 19.Rc3 Qb5 20.Qd1 Bb4 21.Rc2 c5 22.Qc1 c4
23.Qf1 Rc6 24.e4 Rac8 25.Nb2 Qb6 26.exd5 exd5 27.Be3 cxb3 28.Rxc6 Rxc6 29.axb3 Nf6
30.Nd3 Bd6 31.h3 Ne4 32.Rc1 h6 33.Rxc6 Qxc6 34.Nc5 f5 35.Qc1 Kh7 36.Qc2 Qe8
37.g4 f4 38.Bd2 f3 39.Bxa5 h5 40.Qd3 hxg4 41.hxg4  1/2-1/2

[Event "URS-ch sf"]
[Site "Kostroma"]
[Date "1985.??.??"]
[Round "2"]
[White "Kochyev, Alexander"]
[Black "Shabanov, Yuri"]
[Result "1/2-1/2"]
[WhiteElo "2465"]
[BlackElo "2385"]

1.Nf3 d5 2.c4 c6 3.d4 Nf6 4.Qc2 Bg4 5.Ne5 e6 6.cxd5 exd5 7.Bg5 Be6 8.Nc3 Be7
9.e3 Ne4 10.Bxe7 Qxe7 11.Bd3 Nd6 12.O-O g6 13.b4 O-O 14.Rab1 a6 15.Na4 Nd7
16.Nc5 Nb6 17.a4 f6 18.Nf3 Bf5 19.Bxf5 Nxf5 20.Nd2 Nd6 21.Rbe1 Ndc4 22.Ndb3 Nd6
23.Nd2 Ndc4 24.Ndb3 Nd6 25.Nd2  1/2-1/2

[Event "URS-ch sf"]
[Site "Kostroma"]
[Date "1985.??.??"]
[Round "9"]
[White "Zaichik, Gennadi"]
[Black "Klovans, Janis"]
[Result "1/2-1/2"]
[WhiteElo "2475"]
[BlackElo "2435"]

1.Nf3 d5 2.c4 e6 3.b3 Nf6 4.Bb2 Be7 5.e3 O-O 6.Be2 b6 7.O-O Bb7 8.Nc3 c5
9.cxd5 Nxd5 10.d4 Nd7 11.Nxd5 Bxd5 12.Rc1 Rc8 13.Ba6 Rc7 14.Qe2 cxd4 15.Rxc7 Qxc7
16.Rc1 Qd6 17.Nxd4 Nc5 18.Bc4 Bxc4 19.Qxc4 Rd8 20.b4 Na4 21.Ba3 Bf6 22.Nc6 Qd1+
23.Qf1 Qxf1+ 24.Kxf1 Rd2 25.b5 h5 26.Be7 Rxa2 27.Bxf6 gxf6 28.Nxa7 Rb2 29.Rc6 Kg7
30.h4 f5 31.Rc7 Nc5 32.Nc8 Ne4 33.f3 Ng3+ 34.Kg1 e5 35.Nd6 Kf6 36.Ne8+ Ke6
37.Rc6+ Ke7 38.Nf6 Rd2 39.Kh2 f4 40.exf4 exf4 41.Ne4 Nxe4  1/2-1/2

[Event "Lloyds Bank op"]
[Site "London"]
[Date "1985.??.??"]
[Round "?"]
[White "Condie, Mark L"]
[Black "Mannion, Stephen R"]
[Result "1-0"]
[WhiteElo "2405"]
[BlackElo "2215"]

1.Nf3 d5 2.c4 c6 3.e3 Nf6 4.d4 Bf5 5.Nc3 e6 6.Bd3 Bxd3 7.Qxd3 Nbd7 8.O-O Bd6
9.e4 dxc4 10.Qxc4 e5 11.Bg5 O-O 12.Rad1 Qe7 13.Rd2 Rfd8 14.Rfd1 Rac8 15.h3 h6
16.Bh4 b5 17.Qe2 b4 18.Na4 Bb8 19.dxe5 Nxe5 20.Nd4 Re8 21.Nf5 Qe6 22.Nc5 Qc4
23.Bxf6 Qxe2 24.Rxe2 gxf6 25.Nxh6+ Kh7 26.Nf5 Rcd8 27.Red2 Rxd2 28.Rxd2 Nc4
29.Rd7 Kg6 30.b3 Nb6 31.Rd1 Rh8 32.Rc1 a5 33.Kf1 Ba7 34.f3 Nc8 35.Nd3 Re8
36.Rxc6 Nb6 37.h4  1-0

[Event "Lloyds Bank op"]
[Site "London"]
[Date "1985.??.??"]
[Round "?"]
[White "Byway, Paul"]
[Black "Sathe, B."]
[Result "1/2-1/2"]
[WhiteElo "2330"]
[BlackElo "2080"]

1.Nf3 d5 2.c4 e6 3.g3 c5 4.Bg2 Nc6 5.O-O Nf6 6.cxd5 exd5 7.d4 Be7 8.Nc3 O-O
9.Bg5 cxd4 10.Nxd4 Re8 11.Rc1 h6 12.Be3 Bg4 13.Re1 Qd7 14.Qa4 Bd8 15.Nxc6 bxc6
16.Bd4 Be7 17.e4 Be6 18.exd5 Nxd5 19.Nxd5 Bxd5 20.Bxd5 Qxd5 21.Re5 Qd7 22.Rxc6 Bf6
23.Rxe8+ Rxe8 24.Bxf6 Re1+ 25.Kg2 Re6 26.Rc4 Qd5+ 27.Kh3 Qf5+ 28.Kg2 Qd5+  1/2-1/2